| Tag |
First Indicator |
Second Indicator |
Subfields |
| LEADER |
00000cam a2200000 i 4500 |
| 001 |
in00003428913 |
| 005 |
20211120171633.0 |
| 006 |
m o d f |
| 007 |
cr cn||||||||| |
| 008 |
130729s2012 mdua obs f000 0 eng c |
| 035 |
|
|
|a (OCoLC)ocn854564883
|
| 040 |
|
|
|a CUS
|b eng
|e rda
|e pn
|c CUS
|d OCLCA
|d GPO
|d MvI
|d UtOrBLW
|
| 042 |
|
|
|a pcc
|
| 043 |
|
|
|a n-us---
|
| 049 |
|
|
|a WWW
|
| 074 |
|
|
|a 0500-E-17 (online)
|
| 086 |
0 |
|
|a HE 20.6234:107
|
| 100 |
1 |
|
|a Yoon, Sung Sug,
|e author.
|
| 245 |
1 |
0 |
|a Hypertension among adults in the United States, 2009-2010 /
|c Sung Sug Yoon [and three others].
|
| 264 |
|
1 |
|a Hyattsville, MD :
|b U.S. Department of Health and Human Services, Centers for Disease Control and Prevention, National Center for Health Statistics,
|c 2012.
|
| 300 |
|
|
|a 1 online resource (7 pages) :
|b color illustrations.
|
| 336 |
|
|
|a text
|b txt
|2 rdacontent
|
| 337 |
|
|
|a computer
|b c
|2 rdamedia
|
| 338 |
|
|
|a online resource
|b cr
|2 rdacarrier
|
| 490 |
1 |
|
|a NCHS data brief,
|x 1941-4935 ;
|v no. 107
|
| 490 |
1 |
|
|a DHHS publication ;
|v no. (PHS) 2013-1209
|
| 500 |
|
|
|a Title from title screen (viewed on July 16, 2013).
|
| 500 |
|
|
|a "October 2012."
|
| 504 |
|
|
|a Includes bibliographical references (pages 6-7).
|
| 650 |
|
0 |
|a Hypertension
|x Age factors
|z United States.
|
| 650 |
|
0 |
|a Hypertension
|z United States.
|
| 650 |
|
0 |
|a Blood circulation disorders
|z United States.
|
| 710 |
2 |
|
|a National Center for Health Statistics (U.S.),
|e issuing body.
|
| 776 |
0 |
8 |
|i Print version:
|t Hypertension among adults in the United States, 2009-2010
|w (OCoLC)816513559
|
| 830 |
|
0 |
|a NCHS data brief (Series) ;
|v no. 107.
|
| 830 |
|
0 |
|a DHHS publication ;
|v no. (PHS) 2013-1209.
|
| 856 |
4 |
0 |
|u https://purl.fdlp.gov/GPO/gpo44744
|t 0
|
| 999 |
|
|
|a MARS
|
| 999 |
f |
f |
|s 68a79b28-dd53-3676-b535-a098dccb6873
|i 81d48c32-1c4d-36b4-8e07-46087262ee0c
|t 0
|
| 952 |
f |
f |
|a Texas A&M University
|b College Station
|c Electronic Resources
|d Available Online
|t 0
|e HE 20.6234:107
|h Superintendent of Documents classification
|
| 998 |
f |
f |
|a HE 20.6234:107
|t 0
|l Available Online
|